| 000 | 00603nam a22001817a 4500 | ||
|---|---|---|---|
| 005 | 20180409162001.0 | ||
| 010 | _aENG-122494 | ||
| 020 |
_a9789381950401 _c495.00 |
||
| 035 | _aEN-106026 | ||
| 037 | _bDBAD/PUB | ||
| 082 | _a181.4 | ||
| 100 | _aTater, Sohan Raj | ||
| 245 |
_aKnowledge and belief theory / _cby Tater, Sohan Raj |
||
| 260 |
_aJaipur _bSankalp Prakashan _c2017 |
||
| 270 |
_a467, Badayon ka Chowk, Govindrao Ji Ka Rasta, Chanpole Bazar, _bJaipur _e302001 _k4004330 _msankalpprakashanjpr@gmail.com |
||
| 300 |
_a128p. _bill. _c20cm(Hb) |
||
| 942 |
_2ddc _cEN _mTAT _h181.4 |
||
| 999 |
_c150799 _d150799 |
||